| 000 | 00757nmm a2200277 a 4500 | ||
|---|---|---|---|
| 003 | AR-BaBNM | ||
| 005 | 20251128210244.0 | ||
| 008 | 199019s1993 ||||||||||||||000 | spa|| | ||
| 020 | _a84-8088-011-2 | ||
| 040 | _cAR-BaBNM | ||
| 100 | 1 | _aLe Boterf, Guy | |
| 245 | 1 | 0 | _aCómo gestionar la calidad de la formación |
| 250 | _a1ª ed. | ||
| 260 |
_aBarcelona _bAedipe _bEdiciones Gestion 2000 _c1993 |
||
| 300 | 0 |
_a258 p. _btablas, gráfs., diagr. |
|
| 650 | 4 | _aEDUCACION PERMANENTE | |
| 650 | 4 | _aPROGRAMAS DE FORMACION | |
| 650 | 4 | _aGESTION | |
| 650 | 4 | _aANALISIS DE COSTOS | |
| 653 | 0 | _aFORMACION DE FORMADORES | |
| 653 | 0 | _aCALIDAD TOTAL | |
| 700 | 1 | _aBarzucchetti, Serge | |
| 700 | 1 | _aVincent, Francine | |
| 942 | _cBK | ||
| 998 | _cRaquel | ||
| 999 |
_c14666 _d14666 |
||